| 000 | 01631 am a2200457 a 4500 | ||
|---|---|---|---|
| 005 | 20240430105413.0 | ||
| 008 | 100810s2014||||ag a f |||| 001 0 spa d | ||
| 020 | _a9786077743934 | ||
| 041 | _aspa | ||
| 092 |
_c616.079 _l75 _sROI |
||
| 245 |
_aRoitt. Inmunología. _bFundamentos / _cPeter J. Delves |
||
| 250 |
_a12a ed. _bTraducción Silvia Rondinone. |
||
| 260 |
_aMexico: _bEditorial Médica Panamericana; _c2014. |
||
| 300 |
_a542 p. _bil. |
||
| 500 | _aDelves, P. J. et al. (2014). Roitt. Inmunología. Fundamentos. (12a ed.). México : Editorial Médica Panamericana. | ||
| 653 | _aInmunidad innata | ||
| 653 | _aInmunidad adquirida específica | ||
| 653 | _aAnticuerpos | ||
| 653 | _aReceptores de membrana para el antígeno | ||
| 653 | _aInteracción primaria con el antígeno | ||
| 653 | _aTécnicas inmunoquímicas | ||
| 653 | _aTécnicas celulares | ||
| 653 | _aAnatomía de la respuesta inmune | ||
| 653 | _aActivación de los linfocitos | ||
| 653 | _aProducción de efectores | ||
| 653 | _aMecanismos de control | ||
| 653 | _aOntogenia y filogenia | ||
| 653 | _aEstrategías de los adversarios durante la infección | ||
| 653 | _aProfilaxis | ||
| 653 | _aInmunodeficiencia | ||
| 653 | _aHipersensibilidad | ||
| 653 | _aTrasplante | ||
| 653 | _aInmunología tumoral | ||
| 653 | _aEnfermedades autoinmunes. Alcance y etiología | ||
| 653 | _aEnfermedades autoinmunes. Patogenia, diagnóstico y tratamiento | ||
| 700 | 1 |
_aDelves, Peter J. _9825 |
|
| 700 | 1 |
_aMartin, Seamus J. _92899 |
|
| 700 | 1 |
_aBurton, Dennis R. _92900 |
|
| 700 | 1 |
_aRoitt, Ivan M. _9824 |
|
| 942 |
_2ddc _cBK |
||
| 999 |
_c2091 _d2091 |
||